| 000 | 00503nam a2200181Ia 4500 | ||
|---|---|---|---|
| 008 | 230917s9999||||xx |||||||||||||| ||und|| | ||
| 020 | _cRS950 | ||
| 040 |
_e251686 _aMAIN |
||
| 041 | _aEnglish | ||
| 082 | _a820.9 S48C(3) | ||
| 100 | _aSampson, George | ||
| 245 | 0 | _aConcise cambridge history of English literature | |
| 250 | _a3rd ed. | ||
| 260 |
_aDelhi _bCambridge University Press _c2016 |
||
| 300 | _axiii, 976 p. | ||
| 500 | _a3332 29/11/2018 HBD18/7597 22/12/2018 Main Budget | ||
| 942 | _cBK | ||
| 999 |
_c29081 _d29081 |
||